Ranking : (Record no. 20601)

MARC details
000 -CABECERA
campo de control de longitud fija 00461nam a22001577a 4500
003 - IDENTIFICADOR DEL NÚMERO DE CONTROL
campo de control OSt
005 - FECHA Y HORA DE LA ÚLTIMA TRANSACCIÓN
campo de control 20260601171014.0
008 - DATOS DE LONGITUD FIJA--INFORMACIÓN GENERAL
campo de control de longitud fija 260505b1999\\\\-gea||||\||||\00|\0\eng\d
020 ## - NÚMERO INTERNACIONAL ESTÁNDAR DEL LIBRO
Número Internacional Estándar del Libro 3931317315
040 ## - FUENTE DE LA CATALOGACIÓN
Centro catalogador/agencia de origen ICI
Lengua de catalogación spa
Centro/agencia transcriptor ICI
050 #4 - SIGNATURA TOPOGRÁFICA DE LA BIBLIOTECA DEL CONGRESO
Número de clasificación TS171
Número de documento/Ítem R35
245 #0 - MENCIÓN DE TÍTULO
Título Ranking :
Resto del título design : 1998-1999 industrie-design, hersteller, industrial design, manufacturers
300 ## - DESCRIPCIÓN FÍSICA
Extensión 213 páginas :
Otras características físicas ilustraciones
600 #4 - PUNTO DE ACCESO ADICIONAL DE MATERIA--NOMBRE DE PERSONA
Nombre de persona Diseño industrial
9 (RLIN) 33529
942 ## - ELEMENTOS DE PUNTO DE ACCESO ADICIONAL (KOHA)
Fuente del sistema de clasificación o colocación Library of Congress Classification
Tipo de ítem Koha Libros
Suprimir en OPAC 1

No items available.